000 00718nam a22002057a 4500
999 _c1897
_d1897
003 AR-CdUCM
008 190228b ||||| |||| 00| 0 spa d
040 _aMUNICIPALIDAD PROVINCIAL DEL CUSCO
_cBIBLIOTECA MUNICIPAL DEL CUSCO
082 _a343.332 /
_bA492
100 _a Ambia, Abel Adrian
_91452
110 _aPoder Judicail
_96943
245 _aAntología de la reforma del Poder Judicial /
260 _aLima :
_bPoder Judicial ,
_c2000.
505 _aDiario el Peruano -- Diario el Sol -- Diario Expreso -- Modernización -- Decentralización...
650 _aDecentralización.
_96944
650 _aMoralización.
_96945
650 _aPoder Judicial.
_96946
942 _2ddc
_cLIBROS
945 _awfj
_d1209-02-28